ბათუმის შოთა რუსთაველის სახელმწიფო უნივერსიტეტის ბიბლიოთეკა

Пособие по борьбе с вредителями и болезнями сельскохозяйсвенных культур (ბიბ.ჩანაწერი № 45533)

000 -LEADER
fixed length control field 00712nam a2200205Ia 4500
001 - CONTROL NUMBER
control field 12358
003 - CONTROL NUMBER IDENTIFIER
control field GE_BSU
008 - FIXED-LENGTH DATA ELEMENTS--GENERAL INFORMATION
fixed length control field 181216s||||||||xx |||||||||||||| ||und||
040 ## - CATALOGING SOURCE
Transcribing agency GE_BSU
080 ## - UNIVERSAL DECIMAL CLASSIFICATION NUMBER
Universal Decimal Classification number 632.7
245 ## - TITLE STATEMENT
Title Пособие по борьбе с вредителями и болезнями сельскохозяйсвенных культур
245 ## - TITLE STATEMENT
Statement of responsibility, etc. Ред.П.К.Кавун
250 ## - EDITION STATEMENT
Edition statement 8-ое испр.
260 ## - PUBLICATION, DISTRIBUTION, ETC.
Place of publication, distribution, etc. Москва
260 ## - PUBLICATION, DISTRIBUTION, ETC.
Name of publisher, distributor, etc. Сельхозгиз
260 ## - PUBLICATION, DISTRIBUTION, ETC.
Date of publication, distribution, etc. 1955
300 ## - PHYSICAL DESCRIPTION
Extent 686стр.илл.21см.
653 ## - INDEX TERM--UNCONTROLLED
Uncontrolled term Пособие по борьбе с вредителями и болезнями сельскохозяйсвенных культур
942 ## - ADDED ENTRY ELEMENTS (KOHA)
Koha item type წიგნი
ეგზემპლარები
Withdrawn status Lost status Damaged status Not for loan Date acquired Barcode Date last seen Price effective from Koha item type
        2018-12-17 20497 2018-12-17 2018-12-17 წიგნი